Outer Perimeter. (Record no. 31081)
[ view plain ]
| 000 -LEADER | |
|---|---|
| fixed length control field | 00782cam a22002298i 4500 |
| 001 - CONTROL NUMBER | |
| control field | BK0003717181 |
| 003 - CONTROL NUMBER IDENTIFIER | |
| control field | OSt |
| 005 - DATE AND TIME OF LATEST TRANSACTION | |
| control field | 20250902013607.0 |
| 008 - FIXED-LENGTH DATA ELEMENTS--GENERAL INFORMATION | |
| fixed length control field | 020812s2001 eng |
| 020 ## - INTERNATIONAL STANDARD BOOK NUMBER | |
| International Standard Book Number | 0553579169 : PAP |
| Terms of availability | $6.99 |
| 037 ## - SOURCE OF ACQUISITION | |
| Source of stock number/acquisition | Bantam Books (Mm), C/O Random House Inc Distribution Center 400 Hahn rd, Westminster, MD, USA, 21157 |
| Note | SAN 201-3975 |
| 040 ## - CATALOGING SOURCE | |
| Original cataloging agency | TLC |
| Description conventions | rda |
| Transcribing agency | Bantam Books |
| 100 ## - MAIN ENTRY--PERSONAL NAME | |
| Personal name | Goddard, Kenneth W. |
| Fuller form of name | (Kenneth William) |
| Authority record control number | (DLC)n 83018773. |
| 245 00 - TITLE STATEMENT | |
| Title | Outer Perimeter. |
| 264 #1 - PRODUCTION, PUBLICATION, DISTRIBUTION, MANUFACTURE, AND COPYRIGHT NOTICE | |
| Place of production, publication, distribution, manufacture | [Place of publication not identified] : |
| Name of producer, publisher, distributor, manufacturer | Bantam Books (Mm), |
| Date of production, publication, distribution, manufacture, or copyright notice | 2001. |
| 336 ## - CONTENT TYPE | |
| Content type term | text |
| Content type code | txt |
| Source | rdacontent. |
| 337 ## - MEDIA TYPE | |
| Media type term | unmediated |
| Media type code | n |
| Source | rdamedia. |
| 338 ## - CARRIER TYPE | |
| Carrier type term | volume |
| Carrier type code | nc |
| Source | rdacarrier. |
| 380 ## - FORM OF WORK | |
| Form of work | Book |
| Source of term | tlcgt. |
| 385 ## - AUDIENCE CHARACTERISTICS | |
| Audience term | General |
| Source | tlctarget. |
| 942 ## - ADDED ENTRY ELEMENTS (KOHA) | |
| Koha item type | Libro/Book |
| Withdrawn status | Lost status | Damaged status | Not for loan | Home library | Current library | Date acquired | Total Checkouts | Full call number | Barcode | Date last seen | Date checked out | Price effective from | Koha item type |
|---|---|---|---|---|---|---|---|---|---|---|---|---|---|
| San Juan Del Sur -- Biblioteca | San Juan Del Sur -- Biblioteca | 02/09/2025 | 1 | F | 30023318 | 20/11/2025 | 06/11/2025 | 02/09/2025 | Libro/Book |